000 00314nam a2200121Ia 4500
005 20251222144703.0
008 251222s9999||||xx |||||||||||||| ||spa||
020 _a84-8280-678-5
082 _a850/M15
100 _a"Pirandello, Luigiy otros"
245 0 _aMaestros de la literatura universal: Italia
942 _cLIB
999 _c17539
_d17539